ბათუმის შოთა რუსთაველის სახელმწიფო უნივერსიტეტის ბიბლიოთეკა

თხულებათა სრული კრებული.ორ ტომად. ტ.2 (ბიბ.ჩანაწერი № 42453)

000 -LEADER
fixed length control field 00774nam a2200217Ia 4500
001 - CONTROL NUMBER
control field 9149
003 - CONTROL NUMBER IDENTIFIER
control field GE_BSU
008 - FIXED-LENGTH DATA ELEMENTS--GENERAL INFORMATION
fixed length control field 181216s||||||||xx |||||||||||||| ||und||
040 ## - CATALOGING SOURCE
Transcribing agency GE_BSU
080 ## - UNIVERSAL DECIMAL CLASSIFICATION NUMBER
Universal Decimal Classification number 821.353.1-32
100 ## - MAIN ENTRY--PERSONAL NAME
Personal name კლდიაშვილი,დავით
245 ## - TITLE STATEMENT
Title თხულებათა სრული კრებული.ორ ტომად. ტ.2
245 ## - TITLE STATEMENT
Remainder of title ტ.2 თხზულებანი
245 ## - TITLE STATEMENT
Statement of responsibility, etc. რედ.ს.კლდიაშვილი.მხატვ.ნ.ფოფხაძე
260 ## - PUBLICATION, DISTRIBUTION, ETC.
Place of publication, distribution, etc. თბილისი
260 ## - PUBLICATION, DISTRIBUTION, ETC.
Name of publisher, distributor, etc. საბჭ.მწერალი
260 ## - PUBLICATION, DISTRIBUTION, ETC.
Date of publication, distribution, etc. 1952
300 ## - PHYSICAL DESCRIPTION
Extent 403გვ.21სმ.
653 ## - INDEX TERM--UNCONTROLLED
Uncontrolled term თხულებათა სრული კრებული
942 ## - ADDED ENTRY ELEMENTS (KOHA)
Koha item type წიგნი
ეგზემპლარები
Withdrawn status Lost status Damaged status Not for loan Date acquired Barcode Date last seen Price effective from Koha item type
        2018-12-17 31894 2018-12-17 2018-12-17 წიგნი
        2018-12-17 31893 2018-12-17 2018-12-17 წიგნი